| 000 | 00833nam a2200145Ia 4500 | ||
|---|---|---|---|
| 008 | 090124s9999 xx 000 0 und d | ||
| 082 | _b33763 | ||
| 245 | _a वेगळ्या वाटेने (झारखंड व ईशान्य भारत आसाम मेघालय व अरुणाचल प्रदेश) | ||
| 250 | _a1 | ||
| 260 |
_bशेठ पुरुषोत्तम _c2006 |
||
| 300 | _a110 | ||
| 630 | _a वेगळ्या वाटेने (झारखंड व ईशान्य भारत आसाम मेघालय व अरुणाचल प्रदेश) | ||
| 730 | _a वेगळ्या वाटेने (झारखंड व ईशान्य भारत आसाम मेघालय व अरुणाचल प्रदेश) | ||
| 942 | _cBOOK | ||
| 999 |
_c188630 _d188630 |
||